Vývoj a perspektívy kapitálových trhov krajín BRIC

Pojem BRIC (Brazília, Rusko, India a Čína). Hospodársky rast krajín BRIC. Základné ekonomické parametre krajín BRIC. Vývoj akciových trhov. Predpoklady budúceho vývoja krajín BRIC.

Gespeichert in:
Bibliographische Detailangaben
1. Verfasser: Árendáš, Peter, 1986-
Format: Buchkapitel
Sprache:Slowakisch
Schlagworte:
Tags: Tag hinzufügen
Keine Tags, Fügen Sie das erste Tag hinzu!

MARC

LEADER 00000naa$a2200000$$$4500
001 0112048
005 20240502072237.2
041 0 |a slo 
044 |a SK 
245 1 0 |a Vývoj a perspektívy kapitálových trhov krajín BRIC  |c Peter Árendáš 
520 |a Pojem BRIC (Brazília, Rusko, India a Čína). Hospodársky rast krajín BRIC. Základné ekonomické parametre krajín BRIC. Vývoj akciových trhov. Predpoklady budúceho vývoja krajín BRIC. 
610 2 0 |a Brazília 
610 2 0 |a Rusko 
610 2 0 |a India 
610 2 0 |a Čína 
610 2 0 |a vývoj hospodársky 
610 2 0 |a ukazovatele ekonomické 
610 2 0 |a trh finančný 
610 2 0 |a prognózy hospodárske 
100 1 |a Árendáš, Peter, 1986-